| 000 | 00532nam a2200181 a 4500 | ||
|---|---|---|---|
| 001 | 000008432 | ||
| 005 | 20200929161336.0 | ||
| 008 | 820205s1978 ve a 000 1 spa | ||
| 010 | _a80147934 | ||
| 040 |
_aDO-SdBNP _cDLC _dDLC |
||
| 050 | 0 | 0 |
_aPQ8550.28.O49 _bR4 |
| 100 | 2 |
_aRomero Martinez, Vinicio. _922713 |
|
| 245 | 1 | 3 |
_aEl rey Zamuro / _cVinicio Romero Martinez. |
| 260 |
_aCaracas : _bEdiciones de la Revista Zeta, _c1978. |
||
| 300 |
_a285 p. : _bill. ; _c19 cm. |
||
| 910 | _aCatalogación por copia / LC | ||
| 082 | 0 | 0 |
_a863 _219 |
| 999 |
_c8203 _d8203 |
||